Informe que la Comisión Mixta designada, eleva el Excmo. Señor Presidente de la Diputación de Barcelona : 9 de marzo de 1973 / Laboratorio General de Ensayos e Investigaciones 9 de marzo de 1973 / Laboratorio General de Ensayos e Investigaciones
Descripción Física:
72 p. ; 30 cm
MARC
| LEADER | 00000nam a2200000Ia 4500 | ||
|---|---|---|---|
| 001 | 10368 | ||
| 003 | BGR | ||
| 005 | 20260324175650.0 | ||
| 008 | 160829s1973 xx 000 0 cat d | ||
| 080 | |a C-2-170 | ||
| 110 | 2 | |a Laboratori General d'Assaigs i d'Investigacions |9 71353 | |
| 245 | |a Informe que la Comisión Mixta designada, eleva el Excmo. Señor Presidente de la Diputación de Barcelona : |b 9 de marzo de 1973 / Laboratorio General de Ensayos e Investigaciones | ||
| 260 | |a Barcelona : |b [s.n. : |b mecanografiat], |c 1973 | ||
| 300 | |a 72 p. ; |c 30 cm | ||
| 650 | |a Laboratori General d'Assaigs i Investigacions | ||
| 901 | |a Arxiu | ||
| 942 | |n 1 |2 udc |c MON | ||
| 952 | |0 0 |1 0 |4 0 |6 C2170 |7 1 |9 47714 |a Arxiu |b Arxiu |d 2016-12-01 |l 0 |o C-2-170 |p 10368 |r 2016-12-01 00:00:00 |w 2016-12-01 |y ARXIU | ||
| 999 | |c 51513 |d 51513 | ||